Scarlet and Black /

Đã lưu trong:
Chi tiết về thư mục
Tác giả chính: Stendhal.
Tác giả khác: Moncrieff, C. K. Scott (translated.)
Định dạng: Sách
Ngôn ngữ:English
French
Được phát hành: London : David Campbell, 1991.
Những chủ đề:
Các nhãn: Thêm thẻ
Không có thẻ, Là người đầu tiên thẻ bản ghi này!
Thư viện lưu trữ: Mạng thư viện Đại học Đà Nẵng
LEADER 01090cam a2200397 i 4500
001 000047229
003 6812
005 20030410082907.0
008 010310|1991 vm 000 eng
020 |a 1857150384 
022 |a T 
040 |a IRC  |c IRC  |d IRC 
041 1 |a eng  |h fre 
082 1 4 |a 843.7  |b STE 
100 1 |a Stendhal. 
245 0 0 |a Scarlet and Black /  |c Stendhal ; Translated from the French by C. K. Scott Moncrieff ; Introduced by Jonathan Keates. 
260 |a London :  |b David Campbell,  |c 1991. 
300 |a 576p. ;  |c 20.5cm. 
630 0 4 |a French literature. 
630 0 4 |a Social life and Custom. 
630 0 4 |a French stories. 
630 0 4 |a Stendhal. 
630 0 4 |a Yougn men. 
630 0 4 |a Scarlet and Black. 
650 0 4 |a Literature, French  |x Social life and custom. 
700 1 |a Moncrieff, C. K. Scott,  |e translated. 
OWN |a DUT 
999 |a From the UDN01 
TYP |a Monograph 
TYP |a Printed language 
980 |a Mạng thư viện Đại học Đà Nẵng